| 000 | 01486nam a2200397 a 4500 | ||
|---|---|---|---|
| 001 | vtls003176524 | ||
| 003 | MY-SjTCS | ||
| 005 | 20200226111944.0 | ||
| 006 | m u | ||
| 007 | cr cn||||||||| | ||
| 008 | 100712s2000 enkab sb 001 0 eng | ||
| 010 | _z 00-021338 | ||
| 015 | _aGBA1-672 | ||
| 016 | 7 |
_a0415142105 _2Uk |
|
| 020 | _z0415142105(cased) | ||
| 020 | _z0415142113(pbk.) | ||
| 035 | _a(CaPaEBR)ebr2002351 | ||
| 039 | 9 |
_y201007121446 _zVLOAD |
|
| 040 |
_aCaPaEBR _cCaPaEBR |
||
| 050 | 1 | 4 |
_aHD75 _b.H618 2000eb |
| 082 | 0 | 4 |
_a338.9 _221 |
| 100 | 1 | _aHodder, Rupert. | |
| 245 | 1 | 0 |
_aDevelopment geography _h[electronic resource] / _cRupert Hodder. |
| 260 |
_aLondon : _bRoutledge, _c2000. |
||
| 300 |
_axiii, 186 p. : _bill., maps ; _c24 cm. |
||
| 490 | 1 | _aRoutledge contemporary human geography series | |
| 504 | _aIncludes bibliographical references and index. | ||
| 529 | _aTSLHHL | ||
| 533 |
_aElectronic reproduction. _bPalo Alto, Calif. : _cebrary, _d2009. _nAvailable via World Wide Web. _nAccess may be limited to ebrary affiliated libraries. |
||
| 650 | 0 | _aEconomic development. | |
| 650 | 0 |
_aEconomic geography. _91410 |
|
| 655 | 7 |
_aElectronic books. _2local |
|
| 710 | 2 |
_aebrary, Inc. _925628 |
|
| 830 | 0 | _aRoutledge contemporary human geography series. | |
| 856 | 4 | 0 |
_uhttps://ezproxy.taylors.edu.my/login?url=http://site.ebrary.com/lib/taylorscollege/Doc?id=2002351 _zAn electronic book accessible through the World Wide Web; click to view |
| 999 | _c88007 | ||